| 000 | 00632 a2200169 4500 | ||
|---|---|---|---|
| 003 | Nust | ||
| 005 | 20170207153218.0 | ||
| 040 | _cNust | ||
| 082 | _a621.382 | ||
| 100 | _aKhan, Muhammad Ajmal | ||
| 245 |
_aDual battery management systems (EME) _cCol Muhammad Ajmal Khan |
||
| 260 |
_aRawalpindi _bEME, NUST _c1995 |
||
| 300 | _a90p. | ||
| 505 | _aIntroduction (page-1), Switch mode power supplies (page-4), Switching techniques (page-16), Battery charging requirements (page-29), The dual battery management system (page-36), Evaluation of the system development (page-51). | ||
| 538 | _aAlmirah No 69 Shelf No 2 | ||
| 650 | _aMSEE Thesis | ||
| 942 | _cTHS | ||
| 999 |
_c181700 _d181700 |
||